000 00184 a2200097 4500
020 _a9780582402874
041 _aeng
100 _aSTEPHEN RABLEY
245 _aTHE TROY STONE
942 _cBK
999 _c6902
_d6902